000 00330nam a22001337a 4500
020 _qPB.
040 _cFIZZA ISHAQ
082 _a183.2
_bI.F.S
100 _aSTONE,F.I.
_9133478
245 _aTHE TRIAL OF SOCRATES /
_cI.F.STONE.
260 _aNEW YORK ;
_bANCHOR BOOKS,
_c1989.
300 _a282 P. ;
_c7.9X5.1IN
942 _2ddc
_cBK
999 _c616441
_d616441